A companion to The art of fugue
Guardat en:
| Autor principal: | |
|---|---|
| Format: | Llibre |
| Idioma: | anglès |
| Publicat: |
Londres
Oxford University Press
1931
|
| Matèries: | |
| Etiquetes: |
Afegir etiqueta
Sense etiquetes, Sigues el primer a etiquetar aquest registre!
|
MARC
| LEADER | 00000nam a2200000 a 4500 | ||
|---|---|---|---|
| 001 | UCW2519 | ||
| 003 | CL-VaPUC | ||
| 005 | 20231016105618.0 | ||
| 008 | 920610e19310000UK |||||||||||||||||eng|d | ||
| 999 | |c 217058 |d 217056 | ||
| 040 | |c Pontificia Universidad Católica de Valparaíso | ||
| 082 | 0 | 4 | |a 784.1872 TOV 1931 |2 21 |
| 100 | 0 | |a Tovey, Donald Francis |e author |9 306723 | |
| 245 | 1 | 2 | |a A companion to The art of fugue |
| 246 | 1 | 4 | |a Die Kunst der Fuge. J. S. Bach |
| 260 | |a Londres |b Oxford University Press |c 1931 | ||
| 300 | |a 79 p | ||
| 583 | |a last modification |c 19920610 00:00:00 |k Rodrigo Vera | ||
| 650 | 0 | |a Fuga |2 CL-VaPUC |9 349694 | |
| 650 | 0 | |a Música clásica |9 349684 | |
| 942 | |c BK |2 ddc | ||
| 945 | |d 19920610 00:00:00 | ||
| 952 | |0 0 |1 0 |4 0 |6 784_187200000000000_TOV_1931 |7 0 |8 A |9 203551 |a BIBEDU |b BIBEDU |d 2019-11-15 |i 2707896 |o 784.1872 TOV 1931 |p 2707896 |r 2023-01-12 |w 2019-11-15 |y BK |k MUS | ||